Chef d'Etat et du Gouvernement français - Statistiques

Statistiques générales
  • Ce quiz a été pris 370 fois
    163 depuis la dernière actualisation
  • Le résultat moyen est 199 sur 358
Statistiques - réponses
Régime Chef de l'Etat Période % Correct
Vᵉ République Charles de Gaulle 1968-1969
97%
Vᵉ République Charles de Gaulle 1962-1968
97%
Vᵉ République Charles de Gaulle 1959-1962
97%
Charles de Gaulle
97%
Vᵉ République Emmanuel Macron 2024
97%
Vᵉ République Emmanuel Macron 2024
97%
Vᵉ République Emmanuel Macron 2024
97%
Vᵉ République Emmanuel Macron 2022-2024
97%
Vᵉ République Emmanuel Macron 2020-2022
97%
Vᵉ République Emmanuel Macron 2017-2020
97%
Vᵉ République François Hollande 2016-2017
97%
Vᵉ République François Hollande 2014-2016
97%
Vᵉ République François Hollande 2012-2014
97%
Vᵉ République Jacques Chirac 2005-2007
97%
Vᵉ République Jacques Chirac 2002-2005
97%
Vᵉ République Jacques Chirac 1997-2002
97%
Vᵉ République Jacques Chirac 1995-1997
97%
Jacques Chirac
97%
Jacques Chirac
97%
Vᵉ République Nicolas Sarkozy 2007-2012
97%
Vᵉ République François Mitterrand 1993-1995
95%
Vᵉ République François Mitterrand 1992-1993
95%
Vᵉ République François Mitterrand 1991-1992
95%
Vᵉ République François Mitterrand 1988-1991
95%
Vᵉ République François Mitterrand 1986-1988
95%
Vᵉ République François Mitterrand 1984-1986
95%
Vᵉ République François Mitterrand 1981-1984
95%
Vᵉ République Georges Pompidou 1972-1974
94%
Vᵉ République Georges Pompidou 1969-1972
94%
Georges Pompidou
94%
Vᵉ République Valéry Giscard d'Estaing 1976-1981
94%
Vᵉ République Valéry Giscard d'Estaing 1974-1976
94%
Édouard Philippe
92%
Élisabeth Borne
91%
Sébastien Lecornu
90%
Gabriel Attal
88%
IIe République Louis-Napoléon Bonaparte 1851
87%
IIe République Louis-Napoléon Bonaparte 1851
87%
IIe République Louis-Napoléon Bonaparte 1849-1850
87%
IIe République Louis-Napoléon Bonaparte 1848-1849
87%
Louis-Napoléon Bonaparte
87%
Michel Barnier
86%
François Bayrou
84%
État français Philippe Pétain 1942-1944
84%
État français Philippe Pétain 1941-1942
84%
État français Philippe Pétain 1940-1941
84%
État français Philippe Pétain 1940-1942
84%
Philippe Pétain
84%
Philippe Pétain
84%
Jean Castex
83%
Lionel Jospin
83%
IVᵉ République René Coty 1958-1959
83%
IVᵉ République René Coty 1958
83%
IVᵉ République René Coty 1957-1958
83%
IVᵉ République René Coty 1957
83%
IVᵉ République René Coty 1956-1957
83%
IVᵉ République René Coty 1955-1956
83%
IVᵉ République René Coty 1954-1955
83%
IVᵉ République René Coty 1954
83%
Restauration Charles X 1830
82%
Restauration Charles X 1829-1830
82%
Restauration Charles X 1828-1829
82%
Restauration Charles X 1824-1828
82%
Manuel Valls
79%
Dominique de Villepin
77%
IIIe République Adolphe Thiers 1871-1873
75%
Adolphe Thiers
75%
Adolphe Thiers
75%
Adolphe Thiers
75%
IIIe République Félix Faure 1898-1899
75%
IIIe République Félix Faure 1898
75%
IIIe République Félix Faure 1896-1898
75%
IIIe République Félix Faure 1895-1896
75%
IIIe République Félix Faure 1895
75%
François Fillon
75%
Restauration Louis XVIII 1821-1824
74%
Restauration Louis XVIII 1820-1821
74%
Restauration Louis XVIII 1819-1820
74%
Restauration Louis XVIII 1818-1819
74%
Restauration Louis XVIII 1815-1818
74%
Restauration Louis XVIII 1815
74%
Edgar Faure
73%
Edgar Faure
73%
Alain Juppé
71%
Bernard Cazeneuve
71%
IIIe République Patrice de Mac-Mahon 1877-1879
71%
IIIe République Patrice de Mac-Mahon 1877
71%
IIIe République Patrice de Mac-Mahon 1877
71%
IIIe République Patrice de Mac-Mahon 1876-1877
71%
IIIe République Patrice de Mac-Mahon 1876
71%
IIIe République Patrice de Mac-Mahon 1875-1876
71%
IIIe République Patrice de Mac-Mahon 1874-1875
71%
IIIe République Patrice de Mac-Mahon 1873-1874
71%
Georges Clémenceau
70%
Georges Clémenceau
70%
IIIe République Jules Grévy 1887
70%
IIIe République Jules Grévy 1886-1887
70%
IIIe République Jules Grévy 1886
70%
IIIe République Jules Grévy 1885
70%
IIIe République Jules Grévy 1883-1885
70%
IIIe République Jules Grévy 1883
70%
IIIe République Jules Grévy 1882-1883
70%
IIIe République Jules Grévy 1882
70%
IIIe République Jules Grévy 1881-1882
70%
IIIe République Jules Grévy 1880-1881
70%
IIIe République Jules Grévy 1879-1880
70%
IIIe République Jules Grévy 1879
70%
Léon Blum
70%
Léon Blum
70%
Léon Blum
70%
IIIe République Raymond Poincaré 1920
70%
IIIe République Raymond Poincaré 1917-1920
70%
IIIe République Raymond Poincaré 1917
70%
IIIe République Raymond Poincaré 1917
70%
IIIe République Raymond Poincaré 1915-1917
70%
IIIe République Raymond Poincaré 1914-1915
70%
IIIe République Raymond Poincaré 1914
70%
IIIe République Raymond Poincaré 1913-1914
70%
IIIe République Raymond Poincaré 1913
70%
IIIe République Raymond Poincaré 1913
70%
Raymond Poincaré
70%
Raymond Poincaré
70%
Raymond Poincaré
70%
Edith Cresson
69%
Édouard Balladur
69%
Jean-Marc Ayrault
69%
Jean-Pierre Raffarin
69%
IVᵉ République Vincent Auriol 1954
69%
IVᵉ République Vincent Auriol 1953
69%
IVᵉ République Vincent Auriol 1952
69%
IVᵉ République Vincent Auriol 1952
69%
IVᵉ République Vincent Auriol 1951-1952
69%
IVᵉ République Vincent Auriol 1951
69%
IVᵉ République Vincent Auriol 1950-1951
69%
IVᵉ République Vincent Auriol 1950
69%
IVᵉ République Vincent Auriol 1949-1950
69%
IVᵉ République Vincent Auriol 1948-1949
69%
IVᵉ République Vincent Auriol 1948
69%
IVᵉ République Vincent Auriol 1948
69%
IVᵉ République Vincent Auriol 1947-1948
69%
IVᵉ République Vincent Auriol 1947
69%
IVe République Vincent Auriol 1946-1947
69%
IIIe République Albert Lebrun 1940
66%
IIIe République Albert Lebrun 1940
66%
IIIe République Albert Lebrun 1938-1940
66%
IIIe République Albert Lebrun 1938
66%
IIIe République Albert Lebrun 1937-1938
66%
IIIe République Albert Lebrun 1936-1937
66%
IIIe République Albert Lebrun 1936
66%
IIIe République Albert Lebrun 1935-1936
66%
IIIe République Albert Lebrun 1935
66%
IIIe République Albert Lebrun 1934-1935
66%
IIIe République Albert Lebrun 1934
66%
IIIe République Albert Lebrun 1934
66%
IIIe République Albert Lebrun 1933-1934
66%
IIIe République Albert Lebrun 1933
66%
IIIe République Albert Lebrun 1933
66%
IIIe République Albert Lebrun 1932-1933
66%
IIIe République Albert Lebrun 1932
66%
Michel Debré
66%
Laurent Fabius
65%
Pierre Bérégovoy
65%
Raymond Barre
65%
Michel Rocard
62%
Pierre Laval
62%
Pierre Laval
62%
Pierre Laval
62%
Pierre Laval
62%
IIIe République Sadi Carnot 1894
62%
IIIe République Sadi Carnot 1893-1894
62%
IIIe République Sadi Carnot 1893
62%
IIIe République Sadi Carnot 1892-1893
62%
IIIe République Sadi Carnot 1892
62%
IIIe République Sadi Carnot 1890-1892
62%
IIIe République Sadi Carnot 1889-1890
62%
IIIe République Sadi Carnot 1888-1889
62%
IIIe République Sadi Carnot 1887-1888
62%
IIIe République Alexandre Millerand 1924
61%
IIIe République Alexandre Millerand 1922-1924
61%
IIIe République Alexandre Millerand 1921-1922
61%
IIIe République Alexandre Millerand 1920-1921
61%
Alexandre Millerand
61%
Alexandre Millerand
61%
Jacques Chaban-Delmas
61%
IIIe République Paul Deschanel 1920
61%
IIIe République Paul Doumer 1932
61%
IIIe République Paul Doumer 1931-1932
61%
IIIe République Jean Casimir-Perier 1894-1895
60%
Jean Casimir-Perier
60%
IIIe République Gaston Doumergue 1931
58%
IIIe République Gaston Doumergue 1930-1931
58%
IIIe République Gaston Doumergue 1930
58%
IIIe République Gaston Doumergue 1930
58%
IIIe République Gaston Doumergue 1929-1930
58%
IIIe République Gaston Doumergue 1929
58%
IIIe République Gaston Doumergue 1926-1929
58%
IIIe République Gaston Doumergue 1926
58%
IIIe République Gaston Doumergue 1925-1926
58%
IIIe République Gaston Doumergue 1925
58%
IIIe République Gaston Doumergue 1924-1925
58%
Gaston Doumergue
58%
Gaston Doumergue
58%
Pierre Mauroy
58%
Maurice Couve de Murville
57%
IIIe République Armand Fallières 1913
56%
IIIe République Armand Fallières 1912-1913
56%
IIIe République Armand Fallières 1911-1912
56%
IIIe République Armand Fallières 1911
56%
IIIe République Armand Fallières 1909-1911
56%
IIIe République Armand Fallières 1906-1909
56%
IIIe République Armand Fallières 1906
56%
IIIe République Armand Fallières 1906
56%
Armand Fallières
56%
Jules Ferry
55%
Jules Ferry
55%
Monarchie de Juillet Louis-Philippe Ier 1848
53%
Monarchie de Juillet Louis-Philippe Ier 1848
53%
Monarchie de Juillet Louis-Philippe Ier 1847-1848
53%
Monarchie de Juillet Louis-Philippe Ier 1840-1847
53%
Monarchie de Juillet Louis-Philippe Ier 1840
53%
Monarchie de Juillet Louis-Philippe Ier 1835-1836
53%
Monarchie de Juillet Louis-Philippe Ier 1835-1836
53%
Monarchie de Juillet Louis-Philippe Ier 1836
53%
Monarchie de Juillet Louis-Philippe Ier 1835-1836
53%
Monarchie de Juillet Louis-Philippe Ier 1834-1835
53%
Monarchie de Juillet Louis-Philippe Ier 1834
53%
Monarchie de Juillet Louis-Philippe Ier 1834
53%
Monarchie de Juillet Louis-Philippe Ier 1832-1834
53%
Monarchie de Juillet Louis-Philippe Ier 1831-1832
53%
Monarchie de Juillet Louis-Philippe Ier 1830-1831
53%
Léon Gambetta
52%
Aristide Briand
51%
Aristide Briand
51%
Aristide Briand
51%
Aristide Briand
51%
Aristide Briand
51%
Aristide Briand
51%
Aristide Briand
51%
Pierre Messmer
51%
IIIe République Émile Loubet 1905-1906
49%
IIIe République Émile Loubet 1902-1905
49%
IIIe République Émile Loubet 1899-1902
49%
IIIe République Émile Loubet 1899
49%
Émile Loubet
49%
Pierre Mendès France
49%
Pierre Pflimlin
48%
Édouard Daladier
47%
Édouard Daladier
47%
Édouard Daladier
47%
Albert de Broglie
44%
Albert de Broglie
44%
Victor de Broglie
44%
Pierre Waldeck-Rousseau
43%
Paul Reynaud
42%
Robert Schuman
42%
Robert Schuman
42%
Jules Simon
39%
Guy Mollet
38%
René Pleven
38%
René Pleven
38%
Armand-Emmanuel du Plessis de Richelieu
35%
Armand-Emmanuel du Plessis de Richelieu
35%
Édouard Herriot
35%
Édouard Herriot
35%
Édouard Herriot
35%
Émile Combes
34%
IIe République Louis Eugène Cavaignac 1848
34%
William Waddington
34%
Casimir-Pierre Perier
32%
Joseph Laniel
32%
Joseph Laniel
32%
Jules Dufaure
32%
Jules Dufaure
32%
Jules Dufaure
32%
Jules Méline
32%
Henri Queuille
31%
Henri Queuille
31%
Henri Queuille
31%
André Marie
30%
Louis Barthou
30%
Charles-Maurice de Talleyrand-Périgord
29%
Paul Ramadier
29%
René Viviani
29%
Camille Chautemps
27%
Camille Chautemps
27%
Charles de Freycinet
27%
Charles de Freycinet
27%
Charles de Freycinet
27%
Charles de Freycinet
27%
Camille Chautemps
27%
François Guizot
27%
Paul Painlevé
27%
Paul Painlevé
27%
IIe République François Arago 1848
26%
IIe République Jacques-Charles Dupont 1848
25%
Léon Bourgeois
23%
Antoine Pinay
22%
Maurice Rouvier
22%
Maurice Rouvier
22%
Maurice Rouvier
22%
René Mayer
21%
François Darlan
19%
Pierre-Étienne Flandin
19%
Pierre-Étienne Flandin
19%
Alexandre Ribot
18%
Alexandre Ribot
18%
Alexandre Ribot
18%
Alexandre Ribot
18%
Charles Dupuy
18%
Charles Dupuy
18%
Charles Dupuy
18%
Charles Dupuy
18%
Charles Dupuy
18%
Félix Gaillard
17%
Gaëtan de Rochebouët
17%
André Tardieu
16%
André Tardieu
16%
André Tardieu
16%
Ernest Courtot de Cissey
14%
Georges Bidault
14%
Léon Faucher
14%
Mathieu Molé
14%
Mathieu Molé
14%
Maurice Bourgès-Maunoury
14%
René Goblet
14%
Albert Sarraut
13%
Albert Sarraut
13%
Jean-de-Dieu Soult
13%
Théodore Steeg
13%
Georges Leygues
13%
Jean-de-Dieu Soult
13%
Jean-de-Dieu Soult
13%
Joseph Paul-Boncour
13%
Jules de Polignac
13%
Charles Floquet
12%
Fernand Bouisson
12%
Joseph Caillaux
12%
Louis Buffet
12%
Pierre Tirard
12%
Pierre Tirard
12%
Charles Duclerc
10%
Ernest Monis
10%
Henri Brisson
10%
Henri Brisson
10%
Odilon Barrot
10%
Élie-Louis Decazes
9%
Ferdinand Sarrien
8%
Frédéric François-Marsal
8%
Jean-Baptiste de Martignac
8%
Jean-Joseph Dessolles
8%
Alphonse Henri d'Hautpoul
6%
Casimir de Mortemart
6%
Joseph de Villèle
6%
Joseph de Villèle
6%
Édouard Mortier
5%
Jacques Laffite
4%
Étienne Maurice Gérard
3%
Hugues-Bernard Maret
1%
Aucun quiz correspondant
Distribution des résultats
% des personnes avec chaque résultat
Percentile par nombre de réponses
Votre historique - résultats
Vous n’avez pas pris ce quiz depuis la dernière actualisation